000 01050nam a22003137a 4500
001 BR8807475
003 BR-BrBNA
005 20230928093114.0
007 ta
008 230509b bl.||||| |||| 00| 0 por d
040 _aBR-BrBNA
_bpor
_cBiblioteca Nacional de Agricultura
041 _a(Por)
072 _aE70; U10
_b/G514
090 _ E70 BR8807475
100 1 _aHoffmann, R.
110 1 _aEscola Superior de Agricultura Luiz de Queiroz, Piracicaba, SP (Brasil). Depto. de Ciencias Sociais Aplicadas;
_94384
110 1 _aMinisterio da Agricultura, Brasilia, DF (Brasil). Escritorio de Estatistica, Analises e Estudos Economicos
_96807
245 1 _aVariacao estacional dos precos de produtos agricolas no estado de Sao Paulo
260 3 _aPiracicaba, SP (Brasil):
_c1970.
300 _a133 p.
500 _a47 graphs; 48 tables; 33 ref.
650 _aPRODUTO
650 _aPRECO RECEBIDO
650 _aPRECO MEDIO
650 _aMODELO MATEMATICO
650 _aSAO PAULO
909 _a202309
_bLucia
_c55
_dLucia Elande
942 _cBK
999 _c43025
_d43025